Statistics for Saturday Stumper #1

Click here to take the quiz!

General Stats

  • This quiz has been taken 31,321 times
  • The average score is 12 of 24

Answer Stats

HintAnswer% Correct
ngryAngry
99%
bbitRabbit
91%
ngryHungry
88%
oiceVoice
88%
ntlerAntler
87%
oiceChoice
82%
ovelShovel
79%
riadTriad
62%
sodyRhapsody
59%
nestyAmnesty
56%
riadMyriad
54%
bbitHobbit
52%
nestyHonesty
51%
robThrob
46%
ovelGrovel
42%
rubShrub
39%
rubScrub
32%
egyElegy
28%
igyProdigy
25%
igyEffigy
21%
robCarob
18%
egyStrategy
16%
ntlerGentler
11%
sodyProsody
8%

Score Distribution

Percentile by Number Answered

Percent of People with Each Score

Your Score History

You have not taken this quiz